| 000 | 00585nam a2200181 a 4500 | ||
|---|---|---|---|
| 001 | 000020515 | ||
| 005 | 20200930011124.0 | ||
| 008 | 100322s2004 cu 000 0 spa d | ||
| 020 | _a9592587051 | ||
| 040 |
_aDO-SdBNP _bspa _cBNPHU |
||
| 082 |
_axxxx _bxxx |
||
| 100 | 1 |
_aLeón Castellanos, Hilda Rosa _943231 |
|
| 245 | 1 | 0 |
_aManual de edición de documentos / _cHilda Rosa León Castellannos, Julieta Mariño Otero. |
| 260 |
_aLa Habana, Cuba : _bFéliz Varela, _c2004. |
||
| 300 |
_a150 p. ; _c24 cm. |
||
| 504 | _aBibliografía p: 149-150 | ||
| 700 | 1 |
_aMariño Otero, Julieta _943232 |
|
| 999 |
_c20019 _d20019 |
||